000 01542nam a22002657a 4500
001 7132
003 FISKH
005 20250626104646.0
008 250625b cb ||||| |||| 00| 0 eng d
020 _a9788956355177
040 _aFISKH
_beng
_cFISKH
_dFISKH
050 _aPZ7
100 _aSormark, Julie
245 _aThe little girl and the big bear /
_cRetold by Julie Sormark : through the Art style of James Abbot McNeill Shistler
260 _aSeoul :
_be-future ,
_c2010.
300 _a35 pages :
_bcolor illustrations ;
_c23 cm.
490 _aArt classic stories
505 _aJ
520 _aPoor Alicia lived with her sick mother in a house made of brick. One day, she went outside to get water for her mom, but she couldn’t find any water anywhere. She felt lost and sad. Tired, she lay down and fell asleep. When she woke up, she was surprised to see clean water nearby. Unluckily, she spilled the water on the way back. But to her amazement, the container was suddenly full again! She brought the water to her mother and gave it to her. Then, an old man appeared and asked for some water. Alicia kindly gave it to him. After drinking, the old man smiled and placed a stone in the water. The shiny stone began to glow, and soon, rain started to fall from the sky. Alicia smiled with joy as the rain brought hope and life back to her world.
521 8 _a500
_bLexile estimate
521 8 _aJ
_bRaz-Plus
700 _aChoi, Yeongbin
_eIllustrator
942 _2ddc
_cBK
_n0
999 _c7132
_d7132